Can you guess these Historical Wars by year they started in? - Statistics

General Stats
  • This quiz has been taken 167 times
  • The average score is 7 of 18
Answer Stats
difficulty Year Answer % Correct
Easy 1914 WW1
98%
Easy 1939 WW2
98%
Easy 1950 Korean War
78%
Easy 1955 Vietnam War
74%
Easy 1803 Napoleonic Wars
64%
Medium 1337 Hundred Years War
47%
Medium 1861 American Civil War
43%
Easy 1775 American War of Independence
36%
Medium 1853 Crimean War
31%
Hard 2003 Iraq War
31%
Hard 1912 First Balkan War
21%
Hard 1913 Second Balkan War
21%
Medium 1880 First Boer War
19%
Medium 1899 Second Boer War
19%
Medium 1642 English Civil War
16%
Hard 1991 Yugoslav Wars
14%
Hard 1998 Kosovo War
8%
Hard 1911 Italo-Turkish War
3%
No matching quizzes found
Score Distribution
Percent of People with Each Score
Percentile by Number Answered
Your Score History
You have not taken this quiz